000
00360nam a22001097a 4500
082
_a
400
100
_a
तार्सा द तासी
_9
84007
245
_a
हिन्दुस्तानी भाषा और साहित्य 1850 -1860
260
_a
नई दिल्ली
_b
वाक
_c
2021
650
_a
भाषा
942
_c
HIN
999
_c
69025
_d
69025